5HLuxD.jpg

KING HENRY VIII SENIOR AND PRIMARY SCHOOL LIBRARY OPAC

Lights! Camera! Awesome! / (Record no. 1648)

000 -LEADER
fixed length control field 01532cam a2200409 a 4500
001 - CONTROL NUMBER
control field 1664861
003 - CONTROL NUMBER IDENTIFIER
control field OSt
005 - DATE AND TIME OF LATEST TRANSACTION
control field 20230118080705.0
008 - FIXED-LENGTH DATA ELEMENTS--GENERAL INFORMATION
fixed length control field 190206s2018 nyua j 000 0 eng d
010 ## - LIBRARY OF CONGRESS CONTROL NUMBER
LC control number 2018289477
020 ## - INTERNATIONAL STANDARD BOOK NUMBER
International Standard Book Number 9781534426481
Qualifying information (hc)
020 ## - INTERNATIONAL STANDARD BOOK NUMBER
International Standard Book Number 1534426485
Qualifying information (hc)
020 ## - INTERNATIONAL STANDARD BOOK NUMBER
International Standard Book Number 9781534426474
Qualifying information (pbk.) :
040 ## - CATALOGING SOURCE
Original cataloging agency YDX
Language of cataloging eng
Transcribing agency YDX
Description conventions rda
Modifying agency BDX
-- IEB
-- CCE
-- UAP
-- WYG
-- IGA
-- PRSPR
-- IUK
-- OCLCQ
-- OCLCF
-- EHH
-- NZAUC
-- DLC
-- KH8
042 ## - AUTHENTICATION CODE
Authentication code nbic
082 0# - DEWEY DECIMAL CLASSIFICATION NUMBER
Classification number 813.6 COV
100 1# - MAIN ENTRY--PERSONAL NAME
Personal name Coven, Wanda.
Relator term author
245 10 - TITLE STATEMENT
Title Lights! Camera! Awesome! /
Statement of responsibility, etc. by Wanda Coven ; illustrated by Priscilla Burris.
250 ## - EDITION STATEMENT
Edition statement First Little Simon hardcover edition.
260 ## - PUBLICATION, DISTRIBUTION, ETC.
Place of publication, distribution, etc. New York :
Name of publisher, distributor, etc. Little Simon,
Date of publication, distribution, etc. 2018.
300 ## - PHYSICAL DESCRIPTION
Extent 117 p. :
Other physical details ill. ;
Dimensions 20 cm.
490 1# - SERIES STATEMENT
Series statement Heidi Heckelbeck ;
Volume/sequential designation 25.
500 ## - GENERAL NOTE
General note Contains excerpt of the next Heidi Heckelbeck series.
520 ## - SUMMARY, ETC.
Summary, etc. "Brewster Elementary School is going to have its very own weekly news program, and both Heidi and her nemesis, Melanie Maplethorpe, want to be the star of the show"--
Assigning source adapted from cover description.
650 #0 - SUBJECT ADDED ENTRY--TOPICAL TERM
Topical term or geographic name entry element Witches
Form subdivision Juvenile fiction.
650 #0 - SUBJECT ADDED ENTRY--TOPICAL TERM
Topical term or geographic name entry element Magic
Form subdivision Juvenile fiction.
650 #0 - SUBJECT ADDED ENTRY--TOPICAL TERM
Topical term or geographic name entry element Fame
Form subdivision Juvenile fiction.
650 #0 - SUBJECT ADDED ENTRY--TOPICAL TERM
Topical term or geographic name entry element Elementary schools
Form subdivision Juvenile fiction.
650 #1 - SUBJECT ADDED ENTRY--TOPICAL TERM
Topical term or geographic name entry element Witches
Form subdivision Fiction.
650 #1 - SUBJECT ADDED ENTRY--TOPICAL TERM
Topical term or geographic name entry element Magic
Form subdivision Fiction.
650 #1 - SUBJECT ADDED ENTRY--TOPICAL TERM
Topical term or geographic name entry element Fame
Form subdivision Fiction.
650 #1 - SUBJECT ADDED ENTRY--TOPICAL TERM
Topical term or geographic name entry element Schools
Form subdivision Fiction.
650 #4 - SUBJECT ADDED ENTRY--TOPICAL TERM
Topical term or geographic name entry element Fame
Form subdivision Juvenile fiction.
700 1# - ADDED ENTRY--PERSONAL NAME
Personal name Burris, Priscilla.
Relator term illustrator
830 #0 - SERIES ADDED ENTRY--UNIFORM TITLE
Uniform title Heidi Heckelbeck ;
Volume/sequential designation 25.
942 ## - ADDED ENTRY ELEMENTS (KOHA)
Source of classification or shelving scheme
Koha item type Books - Non Ficton
Holdings
Withdrawn status Lost status Source of classification or shelving scheme Damaged status Not for loan Collection code Permanent Location Current Location Shelving location Date acquired Total Checkouts Full call number Barcode Date last seen Date last checked out Price effective from Koha item type
          Non-Fiction KH8 Primary School Library KH8 Primary School Library Non Fiction 2023-01-18 6 813.6 COV KHPL000003406 2026-03-05 2026-02-12 2023-01-18 Books - Non Ficton

Powered By KH8 IT Dept